| 000 | 01180nam a2200241Ii 4500 | ||
|---|---|---|---|
| 003 | JO-AjNU | ||
| 005 | 20240624123712.0 | ||
| 008 | 230605s9999||||xx |||||||||||||| ||und|| | ||
| 040 |
_aJO-AjNU _bara _erda _cJO-AjNU |
||
| 041 | _aara | ||
| 050 | 1 | 4 | _aHF5658 2020 |
| 100 | 1 |
_aعبابنة، إيلاف محمد _eمعد _965551 |
|
| 245 | 0 | 0 |
_aأثر هيكل الملكية في افصاحات المسؤولية الإجتماعية في البنوك التجارية الأردنية = The Impact of the Ownership Structure on Social Responsibiliy Disclosure in Jordanian Commercial Banks / _cاعداد إيلاف محمد عبابنة؛ اشراف احمد ابراهيم كراجة |
| 264 | 3 | 1 | _a2020 |
| 300 | _a88 ورقة | ||
| 336 |
_atext _btxt _2rdacontent |
||
| 337 |
_aunmediated _bn _2rdamedia |
||
| 338 |
_avolume _bnc _2rdacarrier |
||
| 500 | _aرسالة جامعية(اطروحة ماجستير) تخصص المحاسبة/كلية الأعمال، جامعة عجلون الوطنية، 2019/2020 | ||
| 650 | 4 |
_aالافصاح في المحاسبة- الاردن _959786 |
|
| 700 | 1 |
_aكراجة، احمد ابراهيم. _eمشرف _965236 |
|
| 942 |
_2lcc _cTHS |
||
| 999 |
_c30489 _d30489 |
||